00362 a2200097 4500001001000000005001700010008004100027245010000068100002900168773006700197ART_3674620260410162005.0260409a 10aLa capacidad internacional de la persona humana en el Código Civil y Comercial de la Nación1 aRodríguez, Mónica S.0 tTemas de derecho civilg- Año 2, Nº 2 (feb. 2016)wREV34778